000 00685nam a2200181Ia 4500
008 100921s9999 xx 000 0 und d
082 _b30655
_a954 थ 97
100 _aनारायण जयप्रकाश अनु.देशपांडे पुरूषोत्तम लक्ष्मण
245 _aस्वगत.
260 _bपरचुरे प्रकाशन,मुंबई.
_c1997
300 _a147
_bग्रंथायन,कोल्हापूर.
365 _b120
520 _aइतिहास-भारत.
630 _aस्वगत.
650 _aइतिहास-भारत.
730 _aस्वगत.
942 _cBOOK
999 _c779768
_d779765